00644 2200241 4500001002100000005001500021035002000036245005100056100003300107250001000140300002100150700002300171264003600194336002100230337003000251338002300281082001400304084002100318020002200339650002000361990001000381990001100391INLIS00000000000035120220620013831 a0010-06220003481 a24/7 menjaga cinta sejati /cSabrina Febrianti0 aSabrina FebriantiePengarang acet.1 a308 hlm ;c20 cm0 aAkmaliaePengarang aYogyakarta :bRain Books,c2020 2rdacontentaTeks 2rdamediaaTanpa Perantara 2rdacarrieraVolume a899.221 3 a899.221 3 SAB d a978-623-90376-8-0 4aFiksi Indonesia a21.37 a22.340